|
|
|
|
| LEADER |
01236nam a2200265 a 4500 |
| 001 |
1143187 |
| 008 |
100510r20072004nyua b 001 0 eng d |
| 010 |
|
|
|a 95018445
|
| 020 |
|
|
|a 8126510455
|
| 020 |
|
|
|a 9971511800
|
| 040 |
|
|
|a DLC
|c DLC
|d DLC
|d DB-DhAAL
|
| 082 |
0 |
0 |
|a 530.4/1
|2 22
|
| 100 |
1 |
|
|a Kittel, Charles.
|
| 245 |
1 |
0 |
|a Introduction to solid state physics /
|c Charles Kittel.
|
| 250 |
|
|
|a 7th ed.
|
| 260 |
|
|
|a New York ;
|a New Delhi :
|b Wiley India,
|c c2004.[reprinted 2007]
|
| 300 |
|
|
|a xi, 673 p. :
|b ill. ;
|c 25 cm.
|
| 504 |
|
|
|a Includes bibliographical references and index.
|
| 541 |
1 |
|
|e 00016234
|
| 650 |
|
0 |
|a Solid state physics.
|
| 852 |
4 |
|
|a Ayesha Abed Library
|j General Shelf
|
| 999 |
|
|
|c 8479
|d 8479
|
| 952 |
|
|
|0 0
|1 0
|2 ddc
|4 0
|6 530_410000000000000_KIT_2007
|7 0
|9 9983
|a BRACUL
|b BRACUL
|c GEN
|d 2010-05-10
|l 10
|m 84
|o 530.41 KIT
|p 3010016234
|r 2024-10-06
|s 2024-06-09
|t 1
|w 2010-05-10
|y BK
|
| 952 |
|
|
|0 0
|1 0
|2 ddc
|4 0
|6 530_410000000000000_KIT_2007
|7 0
|9 9984
|a BRACUL
|b BRACUL
|c GEN
|d 2010-05-10
|l 14
|m 128
|o 530.41 KIT
|p 3010016235
|r 2025-11-19
|s 2025-03-16
|t 2
|w 2010-05-10
|y BK
|
| 952 |
|
|
|0 0
|1 0
|2 ddc
|4 0
|6 530_410000000000000_KIT_2007
|7 0
|9 9985
|a BRACUL
|b BRACUL
|c GEN
|d 2010-05-10
|l 11
|m 59
|o 530.41 KIT
|p 3010016236
|r 2026-05-21
|s 2026-02-01
|t 3
|w 2010-05-10
|y BK
|